[Event "Duesseldorf Bezirk-ch"]
[Site "Duesseldorf "]
[Date "2002.??.??"]
[Round "9"]
[White "Peters, Heinrich"]
[Black "Gillmann, Wolfgang"]
[Result "1/2-1/2"]
[WhiteElo "1428"]
[BlackElo "1667"]
[PlyCount "79"]
[EventDate "2002.??.??"]
[EventType "swiss"]
[EventRounds "9"]
[EventCountry "GER"]
[SourceTitle "EXT 2004"]
[Source "ChessBase"]
[SourceDate "2003.11.25"]
[SourceVersion "1"]
[SourceVersionDate "2003.11.25"]
[SourceQuality "1"]

1. e4 e5 2. Nf3 Nc6 3. Bc4 Bc5 4. Nc3 Nf6 5. d3 d6 6. h3 h6 7. a3 a6 8. 0-0 0-0 9. Be3 b6 10. Qd2 Kh7 11. b4 Bxe3 12. Qxe3 Be6 13. Nd5 b5 14. Nxf6+ Qxf6 15. Bxe6 Qxe6 16. c3 f5 17. exf5 Qxf5 18. Qe4 Ne7 19. Nd2 Rac8 20. Qxf5+ Rxf5 21. Ne4 Nd5 22. c4 Nf4 23. Ng3 Rf7 24. Rad1 Ne6 25. Ne2 c5 26. cxb5 axb5 27. Nc3 Nd4 28. Ne4 Rd7 29. Rd2 Kg8 30. f4 Nb3 31. Rdf2 d5 32. Nxc5 Nxc5 33. bxc5 exf4 34. Rxf4 Rxc5 35. Rd4 Ra7 36. Ra1 Ra4 37. Rb4 Rxb4 38. axb4 Rc3 39. Ra5 Rxd3 40. Rxb5 1/2-1/2

[Event "Duesseldorf Bezirk-ch"]
[Site "Duesseldorf "]
[Date "2002.??.??"]
[Round "6"]
[White "Stehr, Christoph"]
[Black "Peters, Heinrich"]
[Result "1-0"]
[WhiteElo "1813"]
[BlackElo "1428"]
[PlyCount "53"]
[EventDate "2002.??.??"]
[EventType "swiss"]
[EventRounds "9"]
[EventCountry "GER"]
[SourceTitle "EXT 2004"]
[Source "ChessBase"]
[SourceDate "2003.11.25"]
[SourceVersion "1"]
[SourceVersionDate "2003.11.25"]
[SourceQuality "1"]

1. f4 d5 2. e3 Bf5 3. Nf3 Nf6 4. b3 g6 5. Bb2 Bg7 6. Nc3 0-0 7. Be2 Nc6 8. Nh4 Bd7 9. d3 e6 10. Nf3 a6 11. a4 Re8 12. Ne5 d4 13. exd4 Nxd4 14. Bf3 Nxf3+ 15. Qxf3 c6 16. 0-0-0 Nd5 17. Ne4 b5 18. Nc5 Bxe5 19. Bxe5 f6 20. Bb2 e5 21. fxe5 fxe5 22. Rdf1 Qg5+ 23. Kb1 Rf8 24. Qe4 Qe3 25. Rxf8+ Rxf8 26. Qxe3 Nxe3 27. Nxd7 1-0